[Event "Copenhagen Chess Challenge 2015"]
[Site "Ballerup"]
[Date "2015.??.??"]
[Round "1"]
[White "Andersen, Daniel"]
[Black "Rewitz, Poul"]
[Result "0-1"]
[WhiteElo "1870"]
[BlackElo "2272"]
[PlyCount "32"]
[EventDate "2015.??.??"]
[EventType "swiss"]
[EventRounds "9"]
[EventCountry "DEN"]

1. c4 e6 2. g3 d5 3. Bg2 c6 4. b3 Nf6 5. Nf3 Be7 6. Bb2 Nbd7 7. O-O O-O 8. Nc3
a6 9. d4 b5 10. cxd5 cxd5 11. Ne5 Qb6 12. e4 dxe4 13. Nxe4 Bb7 14. Nxd7 Nxd7
15. Rc1 Rac8 16. Qg4 f5 0-1

[Event "Copenhagen Chess Challenge 2015"]
[Site "Ballerup"]
[Date "2015.??.??"]
[Round "1"]
[White "Bekker Jensen, David"]
[Black "Petrovski, Petruli"]
[Result "1-0"]
[WhiteElo "2261"]
[BlackElo "1849"]
[PlyCount "52"]
[EventDate "2015.??.??"]
[EventType "swiss"]
[EventRounds "9"]
[EventCountry "DEN"]

1. d4 Nf6 2. c4 e6 3. Nc3 Bb4 4. e3 Bxc3+ 5. bxc3 b6 6. Bd3 Bb7 7. f3 d6 8. Ne2
Nbd7 9. O-O O-O 10. e4 c5 11. Ng3 Re8 12. f4 e5 13. fxe5 dxe5 14. d5 Qc7 15.
Bg5 a6 16. Nf5 Kh8 17. Qf3 Ng8 18. Qg3 g6 19. Nh6 Nxh6 20. Bxh6 f6 21. Be2 Qd6
22. Bg4 f5 23. Bxf5 Nf6 24. Bh3 Nxe4 25. Qh4 Nxc3 26. Rf7 Rf8 1-0

[Event "Copenhagen Chess Challenge 2015"]
[Site "Ballerup"]
[Date "2015.??.??"]
[Round "1"]
[White "Pawlak, Wojciech Zbigniew"]
[Black "Lundin, Jan"]
[Result "0-1"]
[WhiteElo "1754"]
[BlackElo "2234"]
[PlyCount "78"]
[EventDate "2015.??.??"]
[EventType "swiss"]
[EventRounds "9"]
[EventCountry "DEN"]

1. c4 e6 2. g3 d5 3. Bg2 c5 4. Qb3 dxc4 5. Qxc4 Nf6 6. Nf3 Nc6 7. O-O Bd7 8. d3
Rc8 9. Be3 Nd5 10. Bd2 Be7 11. Qc1 Nd4 12. Qd1 O-O 13. Nc3 Bc6 14. Nxd4 cxd4
15. Nxd5 Bxd5 16. Qa4 Bxg2 17. Kxg2 Qd5+ 18. Kg1 b5 19. Qxa7 Rc2 20. Qxe7 Rxd2
21. Rac1 Rxe2 22. Rc7 h6 23. Rd7 Qg5 24. Qxg5 hxg5 25. Rb1 Rc8 26. Rxd4 Rcc2
27. Rf1 Rxb2 28. a4 b4 29. h4 gxh4 30. Rxh4 Red2 31. Rd4 e5 32. Rd8+ Kh7 33. a5
e4 34. a6 Ra2 35. Rb1 Rxd3 36. Rxd3 exd3 37. Rd1 b3 38. a7 Rxa7 39. Rxd3 b2 0-1

[Event "Copenhagen Chess Challenge 2015"]
[Site "Ballerup"]
[Date "2015.??.??"]
[Round "1"]
[White "Stojanovski, Sandi"]
[Black "Marthedal, Anton Mehmet Yildiz"]
[Result "1-0"]
[WhiteElo "2232"]
[BlackElo "1722"]
[PlyCount "81"]
[EventDate "2015.??.??"]
[EventType "swiss"]
[EventRounds "9"]
[EventCountry "DEN"]

1. Nf3 Nf6 2. b3 d5 3. Bb2 Bf5 4. e3 e6 5. Be2 Bd6 6. Nh4 Bg6 7. Nxg6 hxg6 8.
h3 Qe7 9. c4 c6 10. Nc3 Ba3 11. Bxa3 Qxa3 12. O-O Nbd7 13. d4 dxc4 14. Bxc4 Rh5
15. e4 Nb6 16. Be2 Ra5 17. e5 Nfd5 18. Ne4 Rd8 19. Qd2 Qb4 20. Qb2 Na4 21. a3
Nxb2 22. axb4 Rxa1 23. Rxa1 Nf4 24. Bf3 a6 25. Nc5 Rxd4 26. Nxb7 Nd5 27. Rxa6
Rxb4 28. Nd6+ Kf8 29. Ra8+ Ke7 30. Ra7+ Kf8 31. Nxf7 Rxb3 32. Ng5 Rxf3 33.
Nxe6+ Kg8 34. gxf3 Nd3 35. f4 N5xf4 36. Nxf4 Nxf4 37. Kh2 Nd3 38. e6 Kf8 39.
Rf7+ Kg8 40. Rf3 Ne5 41. Rf4 1-0

[Event "Copenhagen Chess Challenge 2015"]
[Site "Ballerup"]
[Date "2015.??.??"]
[Round "1"]
[White "Nielsen, Thomas (1994)"]
[Black "Mitscherling, Andreas"]
[Result "0-1"]
[WhiteElo "1670"]
[BlackElo "2221"]
[PlyCount "54"]
[EventDate "2015.??.??"]
[EventType "swiss"]
[EventRounds "9"]
[EventCountry "DEN"]

1. c4 d6 2. Nf3 g6 3. g3 f5 4. d4 Nf6 5. Nc3 Bg7 6. Bg2 O-O 7. O-O Qe8 8. Bf4
c6 9. Qd2 Nbd7 10. Bh6 e5 11. Bxg7 Kxg7 12. dxe5 dxe5 13. e4 f4 14. gxf4 Nh5
15. fxe5 Nf4 16. Ne2 Nxg2 17. Kxg2 Qe6 18. Qg5 Rxf3 19. Nd4 Qh3+ 20. Kh1 Nf8
21. Nxf3 Qxf3+ 22. Qg2 Qf4 23. Rae1 Be6 24. b3 Nd7 25. Qg3 Rf8 26. Qd3 Nxe5 27.
Qd6 Bh3 0-1

[Event "Copenhagen Chess Challenge 2015"]
[Site "Ballerup"]
[Date "2015.??.??"]
[Round "1"]
[White "Nielsen, Lars Aaes"]
[Black "Sorensen, Bernhard W"]
[Result "1-0"]
[WhiteElo "2219"]
[BlackElo "1648"]
[PlyCount "83"]
[EventDate "2015.??.??"]
[EventType "swiss"]
[EventRounds "9"]
[EventCountry "DEN"]

1. e4 e6 2. d4 d5 3. Nc3 dxe4 4. Nxe4 Bd7 5. Nf3 Bc6 6. Bd3 Nd7 7. O-O Ngf6 8.
Ned2 Be7 9. Nc4 Bxf3 10. Qxf3 c6 11. c3 Nd5 12. Ne3 N7f6 13. a3 Qc7 14. c4 Nxe3
15. fxe3 Bd6 16. g3 O-O-O 17. b4 h5 18. e4 e5 19. d5 Kb8 20. c5 Bf8 21. d6 Qd7
22. Bg5 Bxd6 23. cxd6 Qxd6 24. Rad1 Qe6 25. Bxf6 gxf6 26. Qxf6 Qh3 27. Be2 Rdg8
28. Qxe5+ Ka8 29. Rd3 Re8 30. Qf5 Qxf5 31. Rxf5 Rxe4 32. Bxh5 a6 33. Bxf7 Rf8
34. h4 Re7 35. Rdf3 Rd8 36. Kg2 Rd2+ 37. Kh3 Ree2 38. h5 Rh2+ 39. Kg4 Rd4+ 40.
Kg5 Rd6 41. Bg6 Rd8 42. Rf8 1-0

[Event "Copenhagen Chess Challenge 2015"]
[Site "Ballerup"]
[Date "2015.??.??"]
[Round "1"]
[White "Kallenbach, Uffe"]
[Black "Nielsen, Thomas Bach"]
[Result "0-1"]
[WhiteElo "1641"]
[BlackElo "2197"]
[PlyCount "76"]
[EventDate "2015.??.??"]
[EventType "swiss"]
[EventRounds "9"]
[EventCountry "DEN"]

1. e4 c6 2. d3 d5 3. Qe2 dxe4 4. dxe4 e5 5. g3 Nf6 6. Bg2 Be7 7. Nf3 O-O 8. O-O
Qc7 9. Nbd2 b6 10. Rd1 Ba6 11. c4 Nbd7 12. b3 Rfe8 13. Bb2 Bc5 14. h3 b5 15.
Rac1 b4 16. Nf1 Bc8 17. Ne1 a5 18. Nd3 a4 19. Rd2 axb3 20. axb3 Bb7 21. Nxc5
Nxc5 22. Qe3 Ne6 23. Rcd1 c5 24. Rd3 Nd4 25. Nd2 Ra2 26. Bxd4 cxd4 27. Qe1 Nd7
28. Ra1 Qa5 29. Rxa2 Qxa2 30. Qb1 Ra8 31. Qe1 Qc2 32. Qb1 Ra2 33. Qxc2 Rxc2 34.
Nf3 f6 35. Ne1 Rc1 36. Kf1 Nc5 37. Rd2 Nxb3 38. Rb2 d3 0-1

[Event "Copenhagen Chess Challenge 2015"]
[Site "Ballerup"]
[Date "2015.??.??"]
[Round "1"]
[White "Jacobsen, Mikkel Manosri"]
[Black "Klofsrud, August"]
[Result "1-0"]
[WhiteElo "2188"]
[BlackElo "1590"]
[PlyCount "87"]
[EventDate "2015.??.??"]
[EventType "swiss"]
[EventRounds "9"]
[EventCountry "DEN"]

1. d4 Nf6 2. Nc3 d5 3. Bg5 e6 4. Nf3 c5 5. e3 c4 6. Be2 Bd6 7. O-O O-O 8. e4
Be7 9. Bxf6 Bxf6 10. b3 Qa5 11. Qd2 b5 12. Nxd5 Qxd2 13. Nxf6+ gxf6 14. Nxd2
cxb3 15. axb3 a6 16. Bxb5 Bb7 17. Bd3 Rd8 18. c3 Nd7 19. Ra5 e5 20. d5 Rdc8 21.
Nc4 Rc5 22. b4 Rxa5 23. Nxa5 Bc8 24. c4 Nb8 25. c5 Bd7 26. c6 Be8 27. Rc1 Nd7
28. cxd7 Bxd7 29. f3 Kf8 30. Rc7 Ke8 31. Nb7 h6 32. Nc5 Bb5 33. Bxb5+ axb5 34.
Rb7 f5 35. exf5 Rd8 36. Ne4 h5 37. Rxb5 Ke7 38. Rb7+ Ke8 39. f6 Kf8 40. g3 Ke8
41. d6 Ra8 42. d7+ Kd8 43. Nd6 Ra4 44. Nxf7# 1-0

[Event "Copenhagen Chess Challenge 2015"]
[Site "Ballerup"]
[Date "2015.??.??"]
[Round "1"]
[White "Dijkhuis, Oele"]
[Black "Akdag, Dara Sevkan"]
[Result "0-1"]
[WhiteElo "1568"]
[BlackElo "2184"]
[PlyCount "64"]
[EventDate "2015.??.??"]
[EventType "swiss"]
[EventRounds "9"]
[EventCountry "DEN"]

1. e4 c5 2. Nf3 d6 3. d4 cxd4 4. Nxd4 Nf6 5. Nc3 a6 6. f3 e6 7. Be3 b5 8. Qd2
Nbd7 9. O-O-O Bb7 10. g4 Nb6 11. g5 Nfd7 12. f4 b4 13. Nb1 Bxe4 14. Bg2 Nc4 15.
Bxe4 Nxd2 16. Bxa8 Nc4 17. Rde1 Qxa8 18. Bf2 Be7 19. b3 Ncb6 20. h4 Nc5 21. Nd2
O-O 22. f5 Rc8 23. Kb1 e5 24. f6 Bf8 25. fxg7 Bxg7 26. Nf5 Bf8 27. h5 Qc6 28.
Nh6+ Bxh6 29. gxh6 Nca4 30. Rc1 Qc3 31. bxa4 Nxa4 32. Rhg1+ Kf8 0-1

[Event "Copenhagen Chess Challenge 2015"]
[Site "Ballerup"]
[Date "2015.??.??"]
[Round "1"]
[White "Moe, Mogens"]
[Black "Vatnestrom, Leo Andreas Giske"]
[Result "1/2-1/2"]
[WhiteElo "2151"]
[BlackElo "1483"]
[PlyCount "65"]
[EventDate "2015.??.??"]
[EventType "swiss"]
[EventRounds "9"]
[EventCountry "DEN"]

1. e4 e6 2. d4 d5 3. Nd2 Nf6 4. e5 Nfd7 5. Bd3 c5 6. c3 Nc6 7. Ne2 cxd4 8. cxd4
f6 9. exf6 Nxf6 10. O-O Bd6 11. Nf3 Qc7 12. h3 O-O 13. Be3 a6 14. Rc1 Bd7 15.
Bb1 Rac8 16. a3 Be8 17. Qd2 Bh5 18. Ng5 Qe7 19. Nf4 Bxf4 20. Bxf4 h6 21. Nf3
Bxf3 22. gxf3 Nh5 23. Bg3 Rxf3 24. Qd1 Rcf8 25. Rc3 Rxc3 26. bxc3 Nxg3 27. fxg3
Rxf1+ 28. Kxf1 Qxa3 29. Qc2 Qd6 30. Qh7+ Kf7 31. Qg6+ Kg8 32. Qh7+ Kf7 33. Qg6+
1/2-1/2

[Event "Copenhagen Chess Challenge 2015"]
[Site "Ballerup"]
[Date "2015.??.??"]
[Round "1"]
[White "Aladiyur Paramasivan, Dharanidar"]
[Black "Brondt, Nicolai Kvist"]
[Result "0-1"]
[WhiteElo "1427"]
[BlackElo "2146"]
[PlyCount "56"]
[EventDate "2015.??.??"]
[EventType "swiss"]
[EventRounds "9"]
[EventCountry "DEN"]

1. e4 c5 2. Nf3 e6 3. c4 Nc6 4. Nc3 Qc7 5. d3 a6 6. Be3 Nf6 7. h3 Be7 8. Qd2 d6
9. O-O-O b5 10. b3 Bd7 11. g4 b4 12. Ne2 a5 13. Qb2 e5 14. g5 Nh5 15. Bg2 a4
16. Kd2 axb3 17. axb3 Ra3 18. Ra1 Qa5 19. Kc2 O-O 20. Rhb1 Ra8 21. Rxa3 bxa3
22. Qc3 Nb4+ 23. Kd2 Bd8 24. Nc1 a2 25. Ra1 Qa3 26. Ne1 Nd5 27. Nc2 Ba5 28.
Nxa3 Bxc3+ 0-1

[Event "Copenhagen Chess Challenge 2015"]
[Site "Ballerup"]
[Date "2015.??.??"]
[Round "2"]
[White "Johansen, Johnny Holler"]
[Black "Brondal, Paul"]
[Result "0-1"]
[WhiteElo "1879"]
[BlackElo "2103"]
[PlyCount "68"]
[EventDate "2015.??.??"]
[EventType "swiss"]
[EventRounds "9"]
[EventCountry "DEN"]

1. e4 c6 2. d4 d5 3. Nc3 dxe4 4. Nxe4 Bf5 5. Ng3 Bg6 6. Nf3 Nd7 7. h4 h6 8. h5
Bh7 9. Bd3 Bxd3 10. Qxd3 e6 11. Bf4 Qa5+ 12. Bd2 Bb4 13. c3 Be7 14. c4 Bb4 15.
Qb3 Bxd2+ 16. Nxd2 Ngf6 17. O-O-O O-O 18. Kb1 b5 19. c5 Qc7 20. Nge4 Qf4 21.
Nxf6+ Nxf6 22. Nf3 Ng4 23. Qc2 Rfd8 24. Rh4 Qf5 25. Qxf5 exf5 26. Rd2 Rd5 27.
Re2 Kf8 28. Kc2 Re8 29. Kd3 Red8 30. Kc3 a5 31. Rh1 Nf6 32. Ne5 Rxd4 33. Nxc6
Rc4+ 34. Kb3 Rd3# 0-1

[Event "Copenhagen Chess Challenge 2015"]
[Site "Ballerup"]
[Date "2015.??.??"]
[Round "2"]
[White "Kyrkjebo, Erlend"]
[Black "Andersen, Daniel"]
[Result "1-0"]
[WhiteElo "2074"]
[BlackElo "1870"]
[PlyCount "33"]
[EventDate "2015.??.??"]
[EventType "swiss"]
[EventRounds "9"]
[EventCountry "DEN"]

1. e4 e6 2. d4 d5 3. Nd2 c5 4. exd5 Qxd5 5. Ngf3 cxd4 6. Bc4 Qd6 7. Qe2 a6 8.
O-O b5 9. Ne4 Qb6 10. Bd5 Bb7 11. Bxb7 Qxb7 12. Nxd4 Be7 13. Nf5 Kf8 14. Nxe7
Nxe7 15. Rd1 Qc7 16. Ng5 Nd7 17. Qf3 1-0

[Event "Copenhagen Chess Challenge 2015"]
[Site "Ballerup"]
[Date "2015.??.??"]
[Round "2"]
[White "Fossan, Andreas"]
[Black "Pallesen, Jacob"]
[Result "0-1"]
[WhiteElo "1873"]
[BlackElo "2059"]
[PlyCount "62"]
[EventDate "2015.??.??"]
[EventType "swiss"]
[EventRounds "9"]
[EventCountry "DEN"]

1. d4 g6 2. c4 Bg7 3. e4 c5 4. d5 d6 5. Nc3 e5 6. Bd3 Ne7 7. Nf3 O-O 8. Bd2 h6
9. h4 Na6 10. a3 Nc7 11. Qc1 Kh7 12. Qc2 Bd7 13. O-O-O a6 14. h5 g5 15. Bxg5
hxg5 16. Nxg5+ Kh8 17. Qd2 Bf6 18. Nh3 Ng8 19. g3 b5 20. f4 bxc4 21. Bxc4 exf4
22. gxf4 Nb5 23. Bxb5 axb5 24. h6 b4 25. h7 Ne7 26. e5 bxc3 27. Qg2 cxb2+ 28.
Kb1 Bf5+ 29. Kxb2 Qb6+ 30. Ka2 Rxa3+ 31. Kxa3 Ra8# 0-1

[Event "Copenhagen Chess Challenge 2015"]
[Site "Ballerup"]
[Date "2015.??.??"]
[Round "2"]
[White "Surender, Anil"]
[Black "Pawlak, Wojciech Zbigniew"]
[Result "1-0"]
[WhiteElo "2056"]
[BlackElo "1754"]
[PlyCount "85"]
[EventDate "2015.??.??"]
[EventType "swiss"]
[EventRounds "9"]
[EventCountry "DEN"]

1. d4 Nf6 2. c4 g6 3. Nc3 d5 4. cxd5 Nxd5 5. e4 Nxc3 6. bxc3 Bg7 7. Bc4 c5 8.
Ne2 O-O 9. O-O Nc6 10. Be3 cxd4 11. cxd4 Na5 12. Bd3 Bg4 13. f3 Bd7 14. Rb1 Rc8
15. Qd2 e6 16. Bh6 a6 17. Bxg7 Kxg7 18. Nf4 Qf6 19. e5 Qd8 20. d5 exd5 21. Nxd5
Be6 22. Be4 b5 23. Rfd1 Nc4 24. Qd4 Qa5 25. f4 Kg8 26. Ne7+ Kg7 27. Nxc8 Rxc8
28. Qf2 Na3 29. Rbc1 Rxc1 30. Rxc1 Nc4 31. Rd1 Qc3 32. h3 Qe3 33. Bd5 Bxd5 34.
Rxd5 Qxf2+ 35. Kxf2 h5 36. Rd7 Kf8 37. Rb7 Ke8 38. Kf3 Nd2+ 39. Ke3 Nc4+ 40.
Kd4 Na3 41. Kc5 Nc2 42. Kd6 Nb4 43. Rb8# 1-0

[Event "Copenhagen Chess Challenge 2015"]
[Site "Ballerup"]
[Date "2015.??.??"]
[Round "2"]
[White "Sorensen, Bernhard W"]
[Black "Marinc, Damir"]
[Result "0-1"]
[WhiteElo "1648"]
[BlackElo "2021"]
[PlyCount "88"]
[EventDate "2015.??.??"]
[EventType "swiss"]
[EventRounds "9"]
[EventCountry "DEN"]

1. d4 e6 2. Bf4 f5 3. Nf3 Nf6 4. e3 Be7 5. Bd3 b6 6. c4 Bb7 7. Nc3 Bb4 8. Rc1
O-O 9. a3 Bxc3+ 10. Rxc3 Nc6 11. b4 a5 12. b5 Ne7 13. O-O h6 14. h3 Kh8 15. Nd2
Rc8 16. Re1 Qe8 17. Qe2 Qf7 18. Bh2 g5 19. Bc2 Rg8 20. e4 f4 21. e5 Ne8 22. Ne4
Nf5 23. Qd3 Rd8 24. Rd1 d6 25. exd6 Nexd6 26. Qe2 Qg7 27. Nxd6 Rxd6 28. Bxf5
exf5 29. Qd3 Be4 30. Qd2 Rgd8 31. d5 Bxd5 32. Rd3 Bf3 33. Rxd6 Rxd6 34. Qxd6
cxd6 35. gxf3 Qe5 36. Kf1 Kg7 37. Re1 Qd4 38. Re7+ Kf6 39. Rc7 Qd3+ 40. Kg2
Qxa3 41. Rc6 Qc5 42. Kf1 a4 43. Bxf4 gxf4 44. Rxc5 dxc5 0-1

[Event "Copenhagen Chess Challenge 2015"]
[Site "Ballerup"]
[Date "2015.??.??"]
[Round "2"]
[White "Petrovski, Petruli"]
[Black "Lien, Kjell Hakon"]
[Result "0-1"]
[WhiteElo "1849"]
[BlackElo "2054"]
[PlyCount "122"]
[EventDate "2015.??.??"]
[EventType "swiss"]
[EventRounds "9"]
[EventCountry "DEN"]

1. Nf3 d5 2. c4 c6 3. e3 e6 4. b3 f5 5. Bb2 Nf6 6. Be2 Bd6 7. Ne5 O-O 8. O-O b6
9. d3 Bb7 10. Nd2 Nbd7 11. f4 c5 12. Ndf3 a6 13. Nxd7 Nxd7 14. Qe1 Be7 15. Rd1
Bf6 16. d4 Qe7 17. Ne5 Rfd8 18. Bf3 Rac8 19. Qe2 Nb8 20. Rc1 Bxe5 21. fxe5 dxc4
22. bxc4 Bxf3 23. Qxf3 cxd4 24. exd4 Qb4 25. Ba3 Qd2 26. d5 Qd4+ 27. Kh1 Rxc4
28. Rcd1 Qxe5 29. dxe6 Rxd1 30. Rxd1 Rd4 31. e7 Nc6 32. h3 Rxd1+ 33. Qxd1 Nxe7
34. Qd8+ Kf7 35. Bxe7 Qxe7 36. Qxb6 Qe1+ 37. Kh2 Qe6 38. Qc7+ Kf6 39. Qd8+ Kg6
40. Qd2 h6 41. Qc2 a5 42. a4 Qe4 43. Qb3 Qe5+ 44. Kh1 h5 45. Qb6+ Kh7 46. Qc6
g6 47. Qd7+ Kh6 48. Qd2+ f4 49. Qc2 Kg5 50. Qb3 Kh4 51. Kg1 Qe1+ 52. Kh2 Qg3+
53. Qxg3+ fxg3+ 54. Kg1 Kg5 55. Kf1 Kf4 56. Ke2 g5 57. Kd2 h4 58. Ke2 g4 59.
Kf1 gxh3 60. Kg1 hxg2 61. Kxg2 Ke5 0-1

[Event "Copenhagen Chess Challenge 2015"]
[Site "Ballerup"]
[Date "2015.??.??"]
[Round "2"]
[White "Sorensen, Per Settergren"]
[Black "Nielsen, Thomas (1994)"]
[Result "1-0"]
[WhiteElo "2049"]
[BlackElo "1670"]
[PlyCount "127"]
[EventDate "2015.??.??"]
[EventType "swiss"]
[EventRounds "9"]
[EventCountry "DEN"]

1. e4 e6 2. d4 d5 3. Nc3 Bb4 4. e5 Bd7 5. Qg4 Bf8 6. Nf3 h5 7. Qf4 Be7 8. h4 c5
9. dxc5 Bxc5 10. Bd3 a6 11. a3 Nc6 12. b4 Bf8 13. O-O Nh6 14. Bb2 Ne7 15. Nd4
g6 16. Rad1 Nef5 17. Bxf5 Nxf5 18. Nxf5 gxf5 19. Nxd5 Bh6 20. Qf3 Bc6 21. Nf6+
Qxf6 22. Qxc6+ bxc6 23. exf6 O-O 24. Rd6 Rfc8 25. Rfd1 c5 26. c3 Bf4 27. R6d3
Be5 28. Bc1 Bxf6 29. Rg3+ Kf8 30. Bh6+ Ke7 31. Bg5 Ra7 32. Be3 Rac7 33. Bxc5+
Rxc5 34. bxc5 Rxc5 35. Rgd3 Rxc3 36. Rxc3 Bxc3 37. Kf1 a5 38. Ke2 Bf6 39. g3 f4
40. gxf4 Bxh4 41. Rh1 Bf6 42. Rxh5 Bc3 43. Kd3 Be1 44. f3 Kf6 45. Ke4 Bc3 46.
Rc5 Be1 47. f5 exf5+ 48. Rxf5+ Ke6 49. Rb5 Bc3 50. Rb6+ Kd7 51. Kd5 Ke7 52. Kc4
Bd2 53. Kb5 Kd7 54. Ra6 f5 55. a4 f4 56. Rxa5 Bxa5 57. Kxa5 Kd6 58. Kb4 Kd5 59.
a5 Kd4 60. a6 Ke3 61. a7 Kxf3 62. a8=Q+ Kf2 63. Kc3 f3 64. Kd2 1-0

[Event "Copenhagen Chess Challenge 2015"]
[Site "Ballerup"]
[Date "2015.??.??"]
[Round "2"]
[White "Rishovd, Svein"]
[Black "Kallenbach, Uffe"]
[Result "1-0"]
[WhiteElo "2033"]
[BlackElo "1641"]
[PlyCount "85"]
[EventDate "2015.??.??"]
[EventType "swiss"]
[EventRounds "9"]
[EventCountry "DEN"]

1. e4 c5 2. Nf3 Nf6 3. Nc3 Nc6 4. Bb5 Nd4 5. Bc4 e6 6. O-O d6 7. d3 Be7 8. Nxd4
cxd4 9. Ne2 Qb6 10. c3 d5 11. exd5 exd5 12. Bb3 dxc3 13. bxc3 O-O 14. Rb1 Qc7
15. Bf4 Bd6 16. Qd2 Re8 17. Rfe1 Bf5 18. Bg3 Rac8 19. Nd4 Bxg3 20. hxg3 Rxe1+
21. Rxe1 Bg6 22. Ne2 Qa5 23. Rc1 Qb5 24. c4 dxc4 25. Bxc4 Qd7 26. Qb4 a6 27. a4
Rc6 28. Rb1 Rxc4 29. dxc4 Bxb1 30. Qxb1 Qxa4 31. Qc1 Qc6 32. Qf4 h6 33. g4 Qc8
34. f3 Nd7 35. Kh1 Nb6 36. Ng3 Nxc4 37. Nf5 Kf8 38. Qd4 f6 39. Qd5 b5 40. Nd4
Ne3 41. Qd6+ Kf7 42. Nc6 Qe6 43. Nd8+ 1-0

[Event "Copenhagen Chess Challenge 2015"]
[Site "Ballerup"]
[Date "2015.??.??"]
[Round "2"]
[White "Karlsson, Ulf"]
[Black "Dijkhuis, Oele"]
[Result "1-0"]
[WhiteElo "2022"]
[BlackElo "1568"]
[PlyCount "79"]
[EventDate "2015.??.??"]
[EventType "swiss"]
[EventRounds "9"]
[EventCountry "DEN"]

1. e4 c5 2. Nc3 d6 3. g3 g6 4. Bg2 Bg7 5. d3 Nf6 6. Nge2 Nc6 7. O-O O-O 8. h3
Be6 9. Nd5 a5 10. g4 Nb4 11. Ndc3 h5 12. g5 Nh7 13. f4 f5 14. Ng3 Qd7 15. Kh2
Nc6 16. exf5 Bxf5 17. Nd5 Rae8 18. Nxf5 Qxf5 19. Be4 Qf7 20. Nc7 e6 21. Nxe8
Rxe8 22. c3 d5 23. Bg2 e5 24. fxe5 Bxe5+ 25. Kh1 Qd7 26. Qf3 Rd8 27. Bd2 d4 28.
c4 Bg7 29. Qd5+ Kh8 30. Qxd7 Rxd7 31. Be4 Ne5 32. Bf4 Rd6 33. Kg2 Rb6 34. Rf2
Kg8 35. Re1 Nf7 36. Bd5 Kf8 37. Bxf7 Kxf7 38. Bc7+ Rf6 39. gxf6 Nxf6 40. Be5
1-0

[Event "Copenhagen Chess Challenge 2015"]
[Site "Ballerup"]
[Date "2015.??.??"]
[Round "2"]
[White "Ranaldi, Lucas"]
[Black "Aladiyur Paramasivan, Dharanidar"]
[Result "1-0"]
[WhiteElo "2019"]
[BlackElo "1427"]
[PlyCount "35"]
[EventDate "2015.??.??"]
[EventType "swiss"]
[EventRounds "9"]
[EventCountry "DEN"]

1. d4 d5 2. c4 e6 3. Nf3 Nc6 4. Nc3 h6 5. Bf4 Bb4 6. e3 Nf6 7. Qc2 Bxc3+ 8.
Qxc3 Ne4 9. Qc2 g5 10. Bg3 Nxg3 11. hxg3 Qf6 12. cxd5 exd5 13. Bb5 Bd7 14. Bxc6
Bxc6 15. Ne5 O-O 16. Ng4 Qg6 17. Nxh6+ Kg7 18. Nf5+ 1-0

[Event "Copenhagen Chess Challenge 2015"]
[Site "Ballerup"]
[Date "2015.??.??"]
[Round "2"]
[White "Klofsrud, August"]
[Black "Tomaz, Tainan Pantano"]
[Result "0-1"]
[WhiteElo "1590"]
[BlackElo "2018"]
[PlyCount "100"]
[EventDate "2015.??.??"]
[EventType "swiss"]
[EventRounds "9"]
[EventCountry "DEN"]

1. d4 Nf6 2. c4 e6 3. Nc3 Bb4 4. Qc2 Nc6 5. Nf3 O-O 6. e3 d6 7. Bd3 e5 8. d5
Ne7 9. O-O Bxc3 10. bxc3 g6 11. Re1 Nh5 12. e4 Qe8 13. Nh4 f6 14. Be3 Qf7 15.
Rab1 f5 16. exf5 gxf5 17. f3 Qf6 18. Bf2 Nf4 19. Bg3 Nh5 20. Bf2 Kh8 21. g3 Rg8
22. Ng2 b6 23. f4 Ng6 24. Kh1 Ng7 25. Qd2 Bd7 26. Re2 c5 27. dxc6 Bxc6 28. fxe5
dxe5 29. Rf1 Rad8 30. Kg1 Qd6 31. Rd1 Bf3 32. Bc2 Qc7 33. Qe1 Rxd1 34. Bxd1
Bxe2 35. Bxe2 Rf8 36. Qf1 Ne6 37. Bf3 Ng5 38. Bd5 f4 39. gxf4 Nh3+ 40. Kh1
Nhxf4 41. Nxf4 Nxf4 42. Be3 Qg7 43. Qd1 Qf6 44. a4 Nh3 45. Kg2 Qh4 46. Qe2 Rf6
47. Bd4 Nf4+ 48. Kh1 Nxe2 49. Bxe5 Qe1+ 50. Kg2 Qf1# 0-1

[Event "Copenhagen Chess Challenge 2015"]
[Site "Ballerup"]
[Date "2015.??.??"]
[Round "3"]
[White "Hentley, Darryl"]
[Black "Vesterli, Michael E"]
[Result "0-1"]
[WhiteElo "1383"]
[BlackElo "2118"]
[PlyCount "54"]
[EventDate "2015.??.??"]
[EventType "swiss"]
[EventRounds "9"]
[EventCountry "DEN"]

1. e4 c5 2. f4 d6 3. f5 e6 4. Nf3 exf5 5. e5 dxe5 6. Bc4 Bd6 7. d3 Nf6 8. Nc3
O-O 9. Bg5 Be6 10. Bd5 Nc6 11. a3 Nd4 12. Bxb7 Rb8 13. Bd5 Rxb2 14. Bb3 Bxb3
15. Nxd4 exd4 16. cxb3 dxc3 17. O-O Qa8 18. Rf2 Bxh2+ 19. Kf1 Rxf2+ 20. Kxf2
Ng4+ 21. Kf1 h6 22. Bc1 Qd5 23. Ra2 Qd4 24. Qf3 Qg1+ 25. Ke2 Re8+ 26. Be3 Nxe3
27. Qf2 Qd1# 0-1

[Event "Copenhagen Chess Challenge 2015"]
[Site "Ballerup"]
[Date "2015.??.??"]
[Round "3"]
[White "Stuhr, Peter Sebastian"]
[Black "Olsen, Michael Richard W"]
[Result "1-0"]
[WhiteElo "1947"]
[BlackElo "2023"]
[PlyCount "75"]
[EventDate "2015.??.??"]
[EventType "swiss"]
[EventRounds "9"]
[EventCountry "DEN"]

1. e4 d5 2. Nc3 dxe4 3. Nxe4 Nf6 4. Nxf6+ exf6 5. d4 Be7 6. Bc4 O-O 7. c3 Qd6
8. Qf3 Nc6 9. Qg3 Qxg3 10. hxg3 Bf5 11. Nf3 g5 12. Be3 Na5 13. Be2 b6 14. Kd2
c6 15. Bd3 Bg6 16. Rh6 Kg7 17. Rah1 Rh8 18. b4 Nb7 19. d5 Rad8 20. Rxg6+ hxg6
21. Rxh8 Rxh8 22. dxc6 Nd8 23. b5 Bd6 24. a4 Ne6 25. a5 Bc7 26. axb6 axb6 27.
Kc2 f5 28. Nxg5 Nxg5 29. Bxg5 f6 30. Bf4 Bxf4 31. gxf4 Kf7 32. c4 Ke7 33. c5
Ra8 34. c7 Kd7 35. cxb6 Ra2+ 36. Kb3 Rxf2 37. Bc4 Rxf4 38. Be6+ 1-0

[Event "Copenhagen Chess Challenge 2015"]
[Site "Ballerup"]
[Date "2015.??.??"]
[Round "3"]
[White "Kokholm, Daniel"]
[Black "Vatnestrom, Leo Andreas Giske"]
[Result "1/2-1/2"]
[WhiteElo "1913"]
[BlackElo "1483"]
[PlyCount "50"]
[EventDate "2015.??.??"]
[EventType "swiss"]
[EventRounds "9"]
[EventCountry "DEN"]

1. e4 e6 2. d3 d5 3. Nd2 c5 4. Ngf3 Nc6 5. g3 g6 6. Bg2 Bg7 7. c3 b6 8. O-O Ba6
9. exd5 exd5 10. Re1+ Nge7 11. Nf1 O-O 12. h4 Qd7 13. N1h2 Rfe8 14. Bf4 Nf5 15.
Qd2 Rxe1+ 16. Rxe1 Re8 17. Rxe8+ Qxe8 18. g4 Nfe7 19. Qe2 Qd7 20. Kf1 Qe6 21.
Ng5 Qxe2+ 22. Kxe2 Be5 23. Nh3 Bxf4 24. Nxf4 Ne5 25. Nh3 N5c6 1/2-1/2

[Event "Copenhagen Chess Challenge 2015"]
[Site "Ballerup"]
[Date "2015.??.??"]
[Round "3"]
[White "Svensson, Gert1"]
[Black "Andersen, Soren Mikkel"]
[Result "0-1"]
[WhiteElo "1880"]
[BlackElo "2123"]
[PlyCount "60"]
[EventDate "2015.??.??"]
[EventType "swiss"]
[EventRounds "9"]
[EventCountry "DEN"]

1. d4 d5 2. c4 c6 3. Nc3 Nf6 4. Bg5 e6 5. e3 Nbd7 6. Nf3 Qa5 7. Qc2 Ne4 8. Bd3
Nxg5 9. Nxg5 dxc4 10. Bxc4 Qxg5 11. O-O Bd6 12. f4 Qe7 13. e4 Nb6 14. Bd3 h6
15. e5 Bc7 16. Rf3 Nd5 17. a3 Bb6 18. Qa4 Bd7 19. Rd1 Nxc3 20. bxc3 c5 21. Bb5
cxd4 22. cxd4 Rd8 23. Rfd3 O-O 24. Kf1 Bxb5 25. Qxb5 Rd5 26. Qb2 Rfd8 27. Qf2
Qd7 28. Re1 Qa4 29. Qh4 Rxd4 30. Rf3 Rd1 0-1

[Event "Copenhagen Chess Challenge 2015"]
[Site "Ballerup"]
[Date "2015.??.??"]
[Round "3"]
[White "Orio, Lars"]
[Black "Sorensen, Bernhard W"]
[Result "1-0"]
[WhiteElo "1878"]
[BlackElo "1648"]
[PlyCount "51"]
[EventDate "2015.??.??"]
[EventType "swiss"]
[EventRounds "9"]
[EventCountry "DEN"]

1. e4 e6 2. d4 d5 3. Nc3 dxe4 4. Nxe4 Bd7 5. Nf3 Bc6 6. Bd3 Nd7 7. c4 Ngf6 8.
Nc3 Be7 9. O-O O-O 10. b3 h6 11. Bb2 b6 12. Qe2 Bb7 13. Rad1 c5 14. Bb1 a6 15.
Rfe1 Bd6 16. d5 exd5 17. cxd5 Re8 18. Qd3 Ne5 19. Nxe5 Bxe5 20. Ne4 Nxe4 21.
Rxe4 Bxb2 22. Rxe8+ Qxe8 23. Qh7+ Kf8 24. Qh8+ Ke7 25. Re1+ Kd7 26. Bf5+ 1-0